[Event "ICS rated blitz match"]
[Site "204.178.125.65"]
[Date "2000.09.10"]
[Round "?"]
[White "Hossa"]
[Black "QueenMaxima"]
[Result "1-0"]
[WhiteElo "2578"]
[BlackElo "2526"]
[PlyCount "115"]
[EventDate "2000.??.??"]

1. e4 c5 2. Nf3 e6 3. d4 cxd4 4. Nxd4 Nc6 5. Nb5 a6 6. Nd6+ Bxd6 7. Qxd6 Nf6 8.
Nc3 Qb6 9. Bd3 Qb4 10. Qg3 O-O 11. a3 Qa5 12. O-O Nh5 13. Qh4 Nf6 14. Bg5 Qe5
15. Bf4 Qc5 16. Be3 Qa5 17. Qg3 Rd8 18. Bg5 Kh8 19. Qh4 Qe5 20. Bf4 Qc5 21. Bc7
Rf8 22. Na4 Qd4 23. Nb6 Ra7 24. Nc4 Nd5 25. Bd6 Re8 26. Bc5 Qxc5 27. exd5 f5
28. dxc6 bxc6 29. b4 Qf8 30. Qd4 Ra8 31. Nd6 e5 32. Rfe1 exd4 33. Rxe8 Qxe8 34.
Nxe8 a5 35. Nc7 Rb8 36. bxa5 g6 37. a6 Rb6 38. a7 Bb7 39. Ba6 Ba8 40. Bc8 Rb5
41. Nxb5 cxb5 42. Re1 Kg7 43. Bxd7 Bd5 44. Re7+ Kf6 45. Re6+ Kg5 46. Rc6 Bxc6
47. Bxc6 Kg4 48. f3+ Kf4 49. Bxb5 Ke3 50. a8=Q Kd2 51. Qa7 Kc3 52. Qxh7 Kb2 53.
Qxg6 Ka2 54. Qxf5 Kxa3 55. Qc5+ Kb2 56. Bd3 Ka1 57. Qa3+ Kb1 58. c3# {
QueenMaxima checkmated} 1-0

[Event "ICS rated blitz match"]
[Site "204.178.125.65"]
[Date "2000.09.10"]
[Round "?"]
[White "Tomerhack"]
[Black "Hossa"]
[Result "0-1"]
[WhiteElo "1919"]
[BlackElo "2592"]
[PlyCount "46"]
[EventDate "2000.??.??"]

1. e4 c6 2. d4 d5 3. Nc3 dxe4 4. Nxe4 Bf5 5. Ng3 Bg6 6. h4 h6 7. h5 Bh7 8. Nf3
Nd7 9. Bd3 Qa5+ 10. c3 Bxd3 11. Qxd3 Ngf6 12. Bf4 Nd5 13. Bd2 e6 14. Ne4 O-O-O
15. c4 Nb4 16. Qb3 Qf5 17. Ng3 Nc2+ 18. Kd1 Nxa1 19. Qa4 Nb6 20. Qxa7 Qc2+ 21.
Ke2 Qxc4+ 22. Ke3 Nd5+ 23. Ke4 Qc2+ {Tomerhack resigns} 0-1

[Event "ICS rated blitz match"]
[Site "204.178.125.65"]
[Date "2000.09.10"]
[Round "?"]
[White "Hossa"]
[Black "Tomerhack"]
[Result "0-1"]
[WhiteElo "2593"]
[BlackElo "1918"]
[PlyCount "70"]
[EventDate "2000.??.??"]

1. e4 c5 2. Nf3 Nc6 3. d4 cxd4 4. Nxd4 Nf6 5. Nc3 e5 6. Ndb5 d6 7. Bg5 a6 8.
Na3 b5 9. Bxf6 gxf6 10. Nd5 Bg7 11. Bd3 O-O 12. O-O Ne7 13. c4 f5 14. exf5 Nxd5
15. cxd5 Qg5 16. Qc2 Bf6 17. Qc6 Bxf5 18. Bxf5 Qxf5 19. Qxd6 e4 20. Rab1 Be5
21. Qe7 Kh8 22. Nc2 Bf6 23. Qb7 Be5 24. Nb4 Rfb8 25. Qe7 Rg8 26. g3 Rg7 27. Qb7
Rag8 28. Nc6 Bxg3 29. Qxf7 Bxh2+ 30. Kh1 Qxf7 31. f4 exf3 32. b3 f2 33. Nd4
Qxd5+ 34. Nf3 Qxf3+ 35. Kxh2 Qg2# {Hossa checkmated} 0-1

[Event "ICS rated standard match"]
[Site "204.178.125.65"]
[Date "2000.09.10"]
[Round "?"]
[White "PostModernist"]
[Black "Hossa"]
[Result "1-0"]
[WhiteElo "2466"]
[BlackElo "2344"]
[PlyCount "117"]
[EventDate "2000.??.??"]

1. e4 e6 2. d4 d5 3. Nc3 Bb4 4. e5 Ne7 5. a3 Bxc3+ 6. bxc3 b6 7. Qg4 Ng6 8. h4
h5 9. Qd1 c5 10. Bg5 f6 11. exf6 gxf6 12. Bb5+ Ke7 13. Bd3 fxg5 14. Bxg6 Qg8
15. Bxh5 gxh4 16. Bf3 Nc6 17. Qd2 Qg7 18. Ne2 cxd4 19. cxd4 Ba6 20. Rd1 Raf8
21. Nf4 Qf7 22. Nh3 Qg6 23. Qe3 Bc4 24. Kd2 Qh6 25. Qxh6 Rxh6 26. Kc1 b5 27. c3
Na5 28. Rde1 Kd7 29. Bg4 Nb3+ 30. Kc2 Rhf6 31. Rxe6 Rxe6 32. Re1 Kc7 33. Rxe6
Rg8 34. Bf3 Na1+ 35. Kb2 Nb3 36. Re7+ Kd6 37. Rxa7 Nd2 38. Ra6+ Kd7 39. Rh6
Nxf3 40. gxf3 Rf8 41. f4 Re8 42. Rxh4 Re2+ 43. Kc1 Ra2 44. Rh7+ Kc6 45. f5 Rxa3
46. f6 Rxc3+ 47. Kd1 Kd6 48. f7 Ke7 49. Ng5 Bb3+ 50. Ke2 Bc4+ 51. Ke1 Rc2 52.
f3 Re2+ 53. Kd1 Rg2 54. Rh8 Rxg5 55. f8=Q+ Ke6 56. Rh6+ Rg6 57. Rxg6+ Kd7 58.
Qf7+ Kd8 59. Rg8# {Hossa checkmated} 1-0

[Event "ICS rated blitz match"]
[Site "204.178.125.65"]
[Date "2000.09.10"]
[Round "?"]
[White "Moosester"]
[Black "Hossa"]
[Result "0-1"]
[WhiteElo "2010"]
[BlackElo "2562"]
[PlyCount "52"]
[EventDate "2000.??.??"]

1. c4 e5 2. Nc3 Nf6 3. g3 c6 4. Nf3 e4 5. Nd4 d5 6. cxd5 Qb6 7. Nb3 cxd5 8. d3
Bb4 9. Be3 Qc7 10. Rc1 exd3 11. Qxd3 O-O 12. Bg2 Nc6 13. O-O Rd8 14. Bg5 Qe5
15. Bxf6 Qxf6 16. Bxd5 Be6 17. e4 Ne7 18. Rfd1 Nxd5 19. exd5 Bxc3 20. Qxc3 Qxc3
21. Rxc3 Rxd5 22. Rxd5 Bxd5 23. Rc7 g6 24. Kf1 Kg7 25. Nc1 Rd8 26. a3 Bf3 {
Moosester resigns} 0-1

[Event "ICS rated blitz match"]
[Site "204.178.125.65"]
[Date "2000.09.10"]
[Round "?"]
[White "Hossa"]
[Black "Moosester"]
[Result "1-0"]
[WhiteElo "2563"]
[BlackElo "2009"]
[PlyCount "55"]
[EventDate "2000.??.??"]

1. Nf3 g6 2. g3 Bg7 3. e4 d6 4. d4 Nc6 5. d5 Ne5 6. Nxe5 Bxe5 7. Na3 Bg7 8. f3
Nf6 9. Bg2 O-O 10. O-O c6 11. Re1 Qb6+ 12. Kh1 Re8 13. Re3 cxd5 14. exd5 Bf5
15. Rb3 Qc7 16. Be3 b6 17. c4 Nd7 18. g4 Nc5 19. Bxc5 dxc5 20. gxf5 Qf4 21.
fxg6 hxg6 22. Bh3 Be5 23. Qe2 Kg7 24. Re3 f6 25. Re4 Qg5 26. Rg1 Qh5 27. Bg4
Qh4 28. Bf5 {Moosester resigns} 1-0

[Event "ICS Rated standard match"]
[Site "204.178.125.65"]
[Date "2000.09.10"]
[Round "?"]
[White "Hossa"]
[Black "PostModernist"]
[Result "1/2-1/2"]
[WhiteElo "2333"]
[BlackElo "2469"]
[PlyCount "82"]
[EventDate "2000.??.??"]

1. e4 Nc6 2. Nf3 f5 3. exf5 d5 4. Bb5 Bxf5 5. Ne5 Qd6 6. d4 Bd7 7. Bxc6 Bxc6 8.
O-O Qe6 9. c4 dxc4 10. Na3 g6 11. Naxc4 Bg7 12. Nxc6 Qxc6 13. Ne5 Qd5 14. Qa4+
c6 15. Qb4 O-O-O 16. Be3 Rf8 17. Rac1 a6 18. Rc5 Qxa2 19. Nc4 Rf5 20. Na5 Rxc5
21. Qxb7+ Kd8 22. dxc5 Ke8 23. b4 Bc3 24. Qxa6 Kf7 25. Qb7 Nf6 26. Nxc6 Re8 27.
b5 Qe6 28. Rc1 Nd5 29. Bh6 Bf6 30. Bd2 Qe2 31. Ba5 Nf4 32. Re1 Qg4 33. Nd8+
Rxd8 34. Bxd8 Nh3+ 35. Kh1 Nxf2+ 36. Kg1 Nh3+ 37. Kf1 Qc4+ 38. Re2 Qc1+ 39. Re1
Qc4+ 40. Re2 Qc1+ 41. Re1 Qc4+ {Game drawn by repetition} 1/2-1/2

[Event "ICS rated blitz match"]
[Site "204.178.125.65"]
[Date "2000.09.10"]
[Round "?"]
[White "Knightfreak"]
[Black "Hossa"]
[Result "0-1"]
[WhiteElo "2320"]
[BlackElo "2576"]
[PlyCount "54"]
[EventDate "2000.??.??"]

1. e4 e5 2. Nf3 Nc6 3. Bb5 a6 4. Ba4 Nf6 5. O-O Be7 6. Re1 b5 7. Bb3 d6 8. c3
O-O 9. h3 Bb7 10. d4 Re8 11. Ng5 Rf8 12. Nf3 Re8 13. Nbd2 Bf8 14. a4 exd4 15.
cxd4 Nb4 16. e5 dxe5 17. Nxe5 Bd5 18. Ndf3 Bxb3 19. Qxb3 Qd5 20. Qc3 c5 21.
dxc5 Bxc5 22. Be3 Ne4 23. Qc1 Bxe3 24. Rxe3 f6 25. Ng4 f5 26. Ngh2 Nd3 27. Qf1
Nxb2 {Knightfreak resigns} 0-1

[Event "ICS rated blitz match"]
[Site "204.178.125.65"]
[Date "2000.09.10"]
[Round "?"]
[White "brutus"]
[Black "Hossa"]
[Result "0-1"]
[WhiteElo "2250"]
[BlackElo "2582"]
[PlyCount "72"]
[EventDate "2000.??.??"]

1. e4 e6 2. d4 d5 3. Nc3 Bb4 4. e5 c5 5. a3 Bxc3+ 6. bxc3 Ne7 7. Nf3 Qa5 8. Bd2
Qa4 9. Bd3 Nbc6 10. O-O cxd4 11. cxd4 Nxd4 12. Nxd4 Qxd4 13. Bb5+ Bd7 14. Bxd7+
Kxd7 15. Qe2 Nc6 16. Rfe1 Nxe5 17. Qxe5 Qxd2 18. Qxg7 Raf8 19. Rab1 b6 20. c4
Rhg8 21. Qxh7 Rh8 22. Qg7 Qf4 23. g3 Qxc4 24. Rbc1 Qd3 25. Qe5 Rc8 26. Rcd1 Qf3
27. Rd4 Qxa3 28. Rf4 Qe7 29. Qb2 Rh7 30. Qb5+ Kd8 31. Ra4 Rh3 32. Rea1 Rc7 33.
Rg4 Qf8 34. Re1 Qh8 35. Rf4 Rxh2 36. Re3 Qh3 {brutus resigns} 0-1

[Event "ICS rated blitz match"]
[Site "204.178.125.65"]
[Date "2000.09.10"]
[Round "?"]
[White "Hossa"]
[Black "brutus"]
[Result "0-1"]
[WhiteElo "2586"]
[BlackElo "2246"]
[PlyCount "120"]
[EventDate "2000.??.??"]

1. e4 e6 2. d4 d5 3. Nc3 Nf6 4. Bg5 Bb4 5. e5 h6 6. Bd2 Bxc3 7. bxc3 Ne4 8. Qg4
g6 9. Nf3 c5 10. Bb5+ Bd7 11. a4 Bxb5 12. axb5 Nxd2 13. Nxd2 c4 14. O-O a5 15.
bxa6 Rxa6 16. Rxa6 bxa6 17. Rb1 O-O 18. h4 h5 19. Qf4 a5 20. Qh6 Nd7 21. Nf3
Re8 22. Ng5 Nf8 23. Rb7 Re7 24. Rb2 a4 25. Rb4 Qa8 26. Rb1 a3 27. Ra1 a2 28.
Nf3 Qa3 29. Qd2 Rb7 30. Qd1 Rb2 31. Ne1 Qxc3 32. Rc1 Nd7 33. Ra1 Nb6 34. g3 Qb4
35. c3 Qxc3 36. g4 Rd2 37. Qxd2 Qxd2 38. gxh5 Qb2 39. Rxa2 Qxa2 40. Kg2 gxh5
41. Nf3 Qe2 42. Ng1 Qg4+ 43. Kf1 c3 44. Ne2 c2 45. f4 Qxe2+ 46. Kxe2 c1=Q 47.
f5 Nc4 48. fxe6 fxe6 49. Kf2 Qe3+ 50. Kg2 Nd2 51. Kh2 Nf3+ 52. Kg2 Nxh4+ 53.
Kf1 Nf5 54. Kg2 h4 55. Kf1 Qf3+ 56. Ke1 h3 57. Kd2 h2 58. Kc2 h1=Q 59. Kb2 Qh2+
60. Kc1 Qfh1# {Hossa checkmated} 0-1

[Event "ICS rated blitz match"]
[Site "204.178.125.65"]
[Date "2000.09.10"]
[Round "?"]
[White "Hossa"]
[Black "Tomerhack"]
[Result "1-0"]
[WhiteElo "2569"]
[BlackElo "1968"]
[PlyCount "64"]
[EventDate "2000.??.??"]

1. e4 c5 2. Nf3 Nc6 3. d4 cxd4 4. Nxd4 Nf6 5. Nc3 e5 6. Ndb5 d6 7. Bg5 a6 8.
Na3 b5 9. Bxf6 gxf6 10. Nd5 Bg7 11. Bd3 Ne7 12. Nxe7 Qxe7 13. c3 Bb7 14. O-O f5
15. exf5 e4 16. Re1 d5 17. Nc2 O-O 18. Qh5 Be5 19. Be2 Kh8 20. Rad1 Rg8 21. Ne3
Rad8 22. Ng4 Rg5 23. Qh6 Rxf5 24. Nxe5 Qxe5 25. Qb6 Rb8 26. Qa7 Rg5 27. g3 h5
28. f4 exf3 29. Bxf3 Rxg3+ 30. hxg3 Qxg3+ 31. Bg2 d4 32. Qxd4+ Kh7 {
Tomerhack resigns} 1-0

[Event "ICS rated blitz match"]
[Site "204.178.125.65"]
[Date "2000.09.10"]
[Round "?"]
[White "Knightfreak"]
[Black "Hossa"]
[Result "1/2-1/2"]
[WhiteElo "2345"]
[BlackElo "2570"]
[PlyCount "68"]
[EventDate "2000.??.??"]

1. e4 e5 2. Nf3 Nc6 3. Bb5 a6 4. Ba4 Nf6 5. O-O Be7 6. Re1 b5 7. Bb3 d6 8. c3
O-O 9. h3 Bb7 10. d4 Re8 11. Nbd2 Bf8 12. d5 Ne7 13. Nf1 Ng6 14. Ng3 c6 15.
dxc6 Bxc6 16. Bg5 Rc8 17. Nh2 h6 18. Bxf6 Qxf6 19. Ng4 Qg5 20. Ne3 Nf4 21. Nd5
g6 22. a4 bxa4 23. Bxa4 Bxa4 24. Rxa4 Nxd5 25. Qxd5 Ra8 26. Rea1 Rec8 27. Qd3
Rc6 28. Nf1 Rb8 29. b4 Rbc8 30. R4a3 f5 31. exf5 Qxf5 32. Qd5+ Qf7 33. Qd3 Qf5
34. Qd5+ Qf7 {Game drawn by mutual agreement} 1/2-1/2

[Event "ICS rated standard match"]
[Site "204.178.125.65"]
[Date "2000.09.10"]
[Round "?"]
[White "Esen"]
[Black "Hossa"]
[Result "0-1"]
[WhiteElo "1913"]
[BlackElo "2351"]
[PlyCount "80"]
[EventDate "2000.??.??"]

1. d4 d5 2. Bf4 Nf6 3. e3 e6 4. Bd3 c5 5. c3 Nc6 6. Nf3 cxd4 7. cxd4 Be7 8. O-O
Nh5 9. Bg3 Nxg3 10. hxg3 Bd7 11. Nc3 Rc8 12. Rc1 O-O 13. Bb1 Bf6 14. a3 Qc7 15.
Nb5 Qb8 16. Nc3 a6 17. b4 Ne7 18. Na2 Rxc1 19. Qxc1 Bb5 20. Re1 Rc8 21. Qd2 Bc4
22. Rc1 Rc7 23. Nc3 Nc8 24. Ba2 Nd6 25. Qb2 Bxa2 26. Nxa2 Nc4 27. Qc3 Be7 28.
Nd2 b6 29. Nxc4 b5 30. Qb2 bxc4 31. Nc3 Qd8 32. Rb1 Rb7 33. Qa2 a5 34. b5 Bf8
35. a4 Bb4 36. Rc1 Qg5 37. Qe2 Rc7 38. Qf3 Rc8 39. Qf4 Qe7 40. Qf3 Bxc3 {
Esen resigns} 0-1

[Event "ICS rated blitz match"]
[Site "204.178.125.65"]
[Date "2000.09.10"]
[Round "?"]
[White "Hossa"]
[Black "Krausuwe"]
[Result "0-1"]
[WhiteElo "2561"]
[BlackElo "2462"]
[PlyCount "84"]
[EventDate "2000.??.??"]

1. e4 e5 2. Nf3 Nc6 3. Nc3 Nf6 4. Nxe5 Nxe5 5. d4 Ng6 6. e5 Ng8 7. Bc4 d5 8.
Bxd5 c6 9. Bb3 Be6 10. O-O Bxb3 11. axb3 Qd7 12. Ne4 a6 13. c3 Be7 14. Re1 h6
15. Qh5 Qe6 16. b4 Rd8 17. Qd1 Qd7 18. Qh5 Qd5 19. f4 Nh4 20. f5 g6 21. fxg6
Nxg6 22. Bd2 Qb3 23. Nf6+ Kf8 24. Nxg8 Kxg8 25. Bxh6 Qe6 26. Re4 Rd7 27. b5 Bf8
28. bxa6 bxa6 29. Rxa6 Rxh6 30. Qf3 Qc4 31. Rb6 Ra7 32. Qd1 Qd5 33. Re3 Nf4 34.
Rg3+ Rg6 35. Rg4 Ra1 36. Kf2 Rxd1 37. Rg5 Rxg5 38. Ke3 Nxg2+ 39. Ke2 Re1+ 40.
Kd2 Qf3 41. c4 Re2+ 42. Kc1 Qf1# {Hossa checkmated} 0-1

[Event "ICS rated standard match"]
[Site "204.178.125.65"]
[Date "2000.09.11"]
[Round "?"]
[White "Hossa"]
[Black "PostModernist"]
[Result "1/2-1/2"]
[WhiteElo "2353"]
[BlackElo "2463"]
[PlyCount "180"]
[EventDate "2000.??.??"]

1. e4 c5 2. c3 Nf6 3. e5 Nd5 4. Nf3 e6 5. d4 cxd4 6. cxd4 b6 7. Nc3 Nxc3 8.
bxc3 Be7 9. Bd3 Ba6 10. Bxa6 Nxa6 11. Qd3 Nc7 12. O-O O-O 13. c4 d5 14. exd6
Qxd6 15. Ng5 Bxg5 16. Bxg5 Na6 17. Qe4 Rfc8 18. Rfc1 Qa3 19. Qg4 Qd3 20. Bf6
Qg6 21. Qxg6 hxg6 22. Bg5 Rc6 23. a4 Rac8 24. a5 Nb4 25. axb6 axb6 26. c5 bxc5
27. Rxc5 Rxc5 28. dxc5 Rxc5 29. Ra8+ Kh7 30. h4 Nd5 31. Ra2 e5 32. g3 f6 33.
Bd2 e4 34. Ra4 f5 35. Bg5 Rb5 36. Ra1 Rb2 37. Ra7 Rb1+ 38. Kg2 Rd1 39. Rb7 Rd3
40. Kf1 Rf3 41. Kg2 Rc3 42. Rb5 Nf6 43. Rb2 Ng4 44. Bf4 Rd3 45. Rb8 Rf3 46. Rb2
Ra3 47. Rd2 Ra8 48. Rc2 Ra1 49. Rd2 Rb1 50. Rc2 Rd1 51. Ra2 Rd3 52. Ra8 Rf3 53.
Ra2 Rb3 54. Rd2 Nf6 55. Rd8 Rb2 56. Bc1 Rc2 57. Bd2 Ng4 58. Kg1 Ra2 59. Kf1
Nh2+ 60. Ke1 Nf3+ 61. Kd1 g5 62. hxg5 Kg6 63. Be3 Nxg5 64. Rd6+ Kh5 65. Rd7 Nh3
66. Rxg7 Nxf2+ 67. Ke1 Nh3 68. Rg8 Rg2 69. Kf1 Rb2 70. Ke1 Ra2 71. Rg7 Rg2 72.
Kf1 Rc2 73. Ke1 Rh2 74. Rg8 Rb2 75. Rg7 Rc2 76. Rg8 Rc7 77. Ke2 Rh7 78. Ke1 Rf7
79. Kd2 Re7 80. Kd1 Rb7 81. Ke1 Rb1+ 82. Kd2 Ra1 83. Kc2 Ra2+ 84. Kc3 Ra3+ 85.
Kd2 Rb3 86. Ke2 Rd3 87. Rh8+ Kg4 88. Rg8+ Kh5 89. Rh8+ Kg4 90. Rg8+ Kh5 {
Game drawn by repetition} 1/2-1/2

[Event "ICS rated blitz match"]
[Site "204.178.125.65"]
[Date "2000.09.11"]
[Round "?"]
[White "Tinker"]
[Black "Hossa"]
[Result "1-0"]
[WhiteElo "2459"]
[BlackElo "2541"]
[PlyCount "111"]
[EventDate "2000.??.??"]

1. e4 e5 2. Nf3 Nc6 3. Bb5 a6 4. Bxc6 dxc6 5. O-O Qd6 6. d3 f6 7. Be3 Bg4 8.
Na3 Qd7 9. Nc4 O-O-O 10. Qe2 h5 11. Rfd1 c5 12. a4 h4 13. h3 Bh5 14. Rdc1 g5
15. Ncd2 g4 16. Nxh4 gxh3 17. f3 hxg2 18. Kxg2 Qc6 19. Rh1 Bf7 20. Kf2 Ne7 21.
b3 Qd7 22. Nf5 Rxh1 23. Nxe7+ Bxe7 24. Rxh1 Be6 25. Ke1 f5 26. Rh7 Bg8 27. Rh5
f4 28. Bf2 Bf6 29. Rh6 Qg7 30. Rh2 Qe7 31. Nc4 Bf7 32. Rh7 Rh8 33. Rxh8+ Bxh8
34. Kd1 Bg7 35. Qe1 b6 36. Nb2 Qd7 37. Qh1 Bg8 38. Kc1 Kb8 39. Be1 Bf6 40. Bc3
Qg7 41. Qh3 Qg1+ 42. Nd1 Qg6 43. Nf2 Qg3 44. Qf5 Bg7 45. Qd7 Kb7 46. Ng4 Bf8
47. Bxe5 Qg1+ 48. Kd2 Qg2+ 49. Kc3 Qxc2+ 50. Kxc2 Bd6 51. Bxd6 Bxb3+ 52. Kxb3
c4+ 53. Kxc4 b5+ 54. Kc5 Ka8 55. Qxc7 bxa4 56. Qb8# {Hossa checkmated} 1-0

[Event "ICS rated blitz match"]
[Site "204.178.125.65"]
[Date "2000.09.11"]
[Round "?"]
[White "Hossa"]
[Black "Tinker"]
[Result "1-0"]
[WhiteElo "2521"]
[BlackElo "2479"]
[PlyCount "167"]
[EventDate "2000.??.??"]

1. e4 e5 2. Nf3 Nf6 3. Nxe5 Qe7 4. Nf3 Nxe4 5. Be2 d5 6. O-O Qd8 7. Re1 Be7 8.
d3 Nf6 9. Bf4 O-O 10. d4 Nc6 11. c3 Be6 12. Nbd2 Nh5 13. Be3 Bf5 14. Nb3 Qd6
15. Ne5 Nf6 16. Bf4 Ne4 17. f3 Ng5 18. Bd3 Bxd3 19. Nxd3 Qd8 20. Nbc5 Rb8 21.
Qd2 h6 22. Re2 Nh7 23. Rae1 Bh4 24. Nf2 Ne7 25. Qe3 Bxf2+ 26. Qxf2 Ng6 27. Qg3
Nxf4 28. Qxf4 Nf6 29. Qf5 Qc8 30. Qxc8 Rfxc8 31. Re7 Ne8 32. R1e5 b6 33. Na6
Ra8 34. Rf5 c5 35. dxc5 Nf6 36. Nc7 Rab8 37. Nxd5 Nxd5 38. Rxd5 bxc5 39. b3 c4
40. b4 a6 41. Rdd7 Rf8 42. a4 Rbe8 43. Rxe8 Rxe8 44. Rd6 Re3 45. Kf2 Rxc3 46.
Rxa6 Ra3 47. h3 Ra2+ 48. Ke3 Rxg2 49. Rc6 Ra2 50. a5 Ra3+ 51. Kf2 c3 52. a6 Kh7
53. b5 Ra2+ 54. Ke3 Ra5 55. Rc5 Ra4 56. Rxc3 Ra5 57. Rb3 Kg6 58. b6 Rxa6 59. b7
Re6+ 60. Kf2 Re8 61. b8=Q Rxb8 62. Rxb8 Kf5 63. h4 Ke5 64. Re8+ Kf6 65. f4 h5
66. Kf3 Kf5 67. Re5+ Kg6 68. Rg5+ Kh6 69. f5 f6 70. Rg6+ Kh7 71. Ke4 Kh8 72.
Kd5 Kg8 73. Ke6 Kf8 74. Rxg7 Kxg7 75. Ke7 Kh8 76. Kxf6 Kg8 77. Ke7 Kg7 78. f6+
Kg6 79. Ke6 Kh7 80. f7 Kg7 81. Ke7 Kg6 82. f8=R Kg7 83. Rf7+ Kg6 84. Kf8 {
Tinker resigns} 1-0

[Event "ICS rated standard match"]
[Site "204.178.125.65"]
[Date "2000.09.11"]
[Round "?"]
[White "Tinker"]
[Black "Hossa"]
[Result "1-0"]
[WhiteElo "2332"]
[BlackElo "2358"]
[PlyCount "139"]
[EventDate "2000.??.??"]

1. e4 c5 2. Nf3 d6 3. Bb5+ Bd7 4. Nc3 Bxb5 5. Nxb5 Nf6 6. d3 e5 7. O-O Be7 8.
c4 O-O 9. h3 Nc6 10. Qe2 a6 11. Nc3 Nd4 12. Nxd4 cxd4 13. Nb1 b6 14. Bd2 Nd7
15. b4 f5 16. exf5 Rxf5 17. Na3 Qc7 18. Qe4 Raf8 19. Qg4 R5f7 20. Rab1 Qb7 21.
Qe6 Qc6 22. f4 Qa4 23. Rb3 Kh8 24. Rf3 Qc6 25. Nc2 Bh4 26. Qg4 Bd8 27. b5 axb5
28. Rxb5 Qa8 29. Nb4 e4 30. dxe4 Nf6 31. Qe6 Nxe4 32. Be1 Kg8 33. a3 Bf6 34.
Rxb6 Re8 35. Qd5 Qa7 36. Ra6 Qb8 37. Nc6 Qb1 38. Rf1 Qd3 39. Ra7 Ref8 40. Rf3
Qb1 41. Rf1 Qd3 42. Ne7+ Bxe7 43. Rf3 Qd1 44. Rxe7 Nf6 45. Qe6 d3 46. Rf2 Qa1
47. g4 Qc1 48. Kh2 d5 49. cxd5 Qxa3 50. d6 Qa8 51. g5 Ne8 52. Rg2 Qb8 53. d7
Nd6 54. Bc3 Nb7 55. Qxf7+ Rxf7 56. Re8+ Rf8 57. Rxb8 Rxb8 58. Rb2 Rd8 59. Rxb7
Kf7 60. f5 g6 61. Ba5 d2 62. Bxd2 gxf5 63. Ba5 Ke7 64. Bxd8+ Kxd8 65. Kg3 Ke7
66. Kf4 Kd6 67. d8=Q+ Kc6 68. Rc7+ Kb6 69. Qb8+ Ka5 70. Ra7# {Hossa checkmated}
1-0

[Event "ICS rated blitz match"]
[Site "204.178.125.65"]
[Date "2000.09.11"]
[Round "?"]
[White "segundamano"]
[Black "Hossa"]
[Result "0-1"]
[WhiteElo "2450"]
[BlackElo "2525"]
[PlyCount "30"]
[EventDate "2000.??.??"]

1. e4 e5 2. Nf3 Nc6 3. Bc4 Bc5 4. O-O d6 5. d3 Nf6 6. Re1 O-O 7. c3 Be6 8. Bb5
a6 9. Ba4 b5 10. Bc2 Bb6 11. Nbd2 Ng4 12. Re2 Bxf2+ 13. Rxf2 Ne3 14. Qe2 Nxc2
15. Rb1 Bxa2 {segundamano resigns} 0-1

[Event "ICS rated blitz match"]
[Site "204.178.125.65"]
[Date "2000.09.11"]
[Round "?"]
[White "Moosester"]
[Black "Hossa"]
[Result "1/2-1/2"]
[WhiteElo "2009"]
[BlackElo "2538"]
[PlyCount "77"]
[EventDate "2000.??.??"]

1. e4 c5 2. Nc3 Nc6 3. f4 e6 4. Nf3 Nge7 5. Bb5 a6 6. Bxc6 Nxc6 7. O-O d5 8. d3
Be7 9. Qe1 Nd4 10. Nxd4 cxd4 11. Ne2 dxe4 12. dxe4 Qb6 13. Kh1 O-O 14. b3 Rd8
15. Bb2 Rd7 16. Rd1 Bb4 17. Qg3 Bc5 18. c3 Qb5 19. Nxd4 Bxd4 20. cxd4 Qe2 21.
Qc3 Qxe4 22. d5 f6 23. Rfe1 Qxf4 24. Rxe6 Rxd5 25. Re8+ Kf7 26. Rde1 Rh5 27. h3
Qf2 28. R8e7+ Kg6 29. Qc7 Kh6 30. Bc1+ Rg5 31. Bxg5+ fxg5 32. Rd1 Bxh3 33. Rd6+
Kh5 34. gxh3 Qf1+ 35. Kh2 Qf2+ 36. Kh1 Qf1+ 37. Kh2 Qf2+ 38. Kh1 Qf1+ 39. Kh2 {
Game drawn by repetition} 1/2-1/2

[Event "ICS rated standard match"]
[Site "204.178.125.65"]
[Date "2000.09.11"]
[Round "?"]
[White "Hossa"]
[Black "josechess"]
[Result "1/2-1/2"]
[WhiteElo "2341"]
[BlackElo "2303"]
[PlyCount "115"]
[EventDate "2000.??.??"]

1. e4 c6 2. d4 d5 3. Nc3 dxe4 4. Nxe4 Bf5 5. Ng3 Bg6 6. h4 h6 7. Nf3 Nd7 8. h5
Bh7 9. Bd3 Bxd3 10. Qxd3 Ngf6 11. Bd2 e6 12. O-O-O Bd6 13. Ne4 Qc7 14. Nxd6+
Qxd6 15. Kb1 c5 16. Be3 cxd4 17. Qxd4 Qxd4 18. Bxd4 a6 19. c4 Rc8 20. Rh4 Ke7
21. b3 Rhd8 22. g3 Ke8 23. Kc2 b5 24. Kb1 bxc4 25. bxc4 Nc5 26. Rf1 Nce4 27.
Re1 Ng5 28. Ne5 Nd7 29. Re3 Nxe5 30. Bxe5 f6 31. Bc3 Kf7 32. Kb2 Rc6 33. Ba5
Rd1 34. f4 Nh7 35. Rc3 f5 36. Rb3 Nf6 37. Rb7+ Rd7 38. Rxd7+ Nxd7 39. Kc3 Nf6
40. Kb4 Ne4 41. g4 Nc5 42. gxf5 exf5 43. Rh3 Ne6 44. Rh4 Rd6 45. Kc3 Rd4 46.
Bc7 Re4 47. Bd6 Ke8 48. Kb4 Kd7 49. Be5 Kc6 50. a4 a5+ 51. Kxa5 Rxc4 52. Rh2
Nc5 53. Ra2 Re4 54. Ra3 Nb7+ 55. Ka6 Nc5+ 56. Ka5 Nb7+ 57. Ka6 Nc5+ 58. Ka5 {
Game drawn by repetition} 1/2-1/2

[Event "ICS rated standard match"]
[Site "204.178.125.65"]
[Date "2000.09.11"]
[Round "?"]
[White "Kingwatcher"]
[Black "Hossa"]
[Result "0-1"]
[WhiteElo "1910"]
[BlackElo "2339"]
[PlyCount "24"]
[EventDate "2000.??.??"]

1. e4 e5 2. f4 exf4 3. Nf3 g5 4. Bc4 g4 5. Ne5 Qh4+ 6. Kf1 f3 7. Nxf7 Nf6 8.
Nxh8 Nxe4 9. Qe1 fxg2+ 10. Kxg2 Qh3+ 11. Kg1 Bc5+ 12. d4 Bxd4+ {
Kingwatcher resigns} 0-1

[Event "ICS rated standard match"]
[Site "204.178.125.65"]
[Date "2000.09.11"]
[Round "?"]
[White "Hossa"]
[Black "Kingwatcher"]
[Result "1-0"]
[WhiteElo "2341"]
[BlackElo "1908"]
[PlyCount "32"]
[EventDate "2000.??.??"]

1. e4 e5 2. Nf3 Nc6 3. Nc3 Nf6 4. Nxe5 Nxe5 5. d4 Nc6 6. d5 Ne5 7. f4 Ng6 8. e5
Ng8 9. d6 cxd6 10. exd6 Bxd6 11. Qxd6 Qe7+ 12. Qxe7+ N8xe7 13. Bc4 O-O 14. O-O
Re8 15. Nb5 Rd8 16. Nd6 Rb8 {Kingwatcher resigns} 1-0

[Event "ICS rated blitz match"]
[Site "204.178.125.65"]
[Date "2000.09.11"]
[Round "?"]
[White "rmdg567"]
[Black "Hossa"]
[Result "0-1"]
[WhiteElo "1996"]
[BlackElo "2523"]
[PlyCount "60"]
[EventDate "2000.??.??"]

1. e4 e5 2. Nf3 Nc6 3. Bb5 a6 4. Ba4 Nf6 5. O-O Be7 6. Qe2 b5 7. Bb3 O-O 8. c3
d6 9. h3 Na5 10. Bc2 Be6 11. d4 Bc4 12. Bd3 Bxd3 13. Qxd3 Nc6 14. Nbd2 exd4 15.
cxd4 Nb4 16. Qb3 c5 17. a3 Nc6 18. d5 Na5 19. Qc2 Rc8 20. Re1 Nd7 21. Nf1 c4
22. Bf4 Nc5 23. Bg3 Nd3 24. Re2 Nb3 25. Rd1 Bf6 26. e5 dxe5 27. Nxe5 Nd4 28.
Qd2 Nxe2+ 29. Qxe2 Bxe5 30. Bxe5 Re8 {rmdg567 resigns} 0-1

[Event "ICS rated blitz match"]
[Site "204.178.125.65"]
[Date "2000.09.11"]
[Round "?"]
[White "Hossa"]
[Black "rmdg567"]
[Result "1-0"]
[WhiteElo "2524"]
[BlackElo "1995"]
[PlyCount "52"]
[EventDate "2000.??.??"]

1. e4 c5 2. Nf3 d6 3. d4 cxd4 4. Nxd4 Nf6 5. Nc3 g6 6. Be3 Bg7 7. f3 O-O 8. Qd2
Nc6 9. Bc4 Bd7 10. O-O-O Qc7 11. Ncb5 Qb8 12. Bd3 a6 13. Nc3 b5 14. Nxc6 Bxc6
15. Kb1 b4 16. Ne2 Rd8 17. Bh6 Bh8 18. Nd4 Bb7 19. Qxb4 Nd7 20. Bc4 Ne5 21. Bb3
a5 22. Qb5 Qc7 23. Qe2 a4 24. Bd5 Bxd5 25. exd5 Nc4 26. Nc6 Nxb2 {
rmdg567 resigns} 1-0

[Event "ICS rated standard match"]
[Site "204.178.125.65"]
[Date "2000.09.11"]
[Round "?"]
[White "Hossa"]
[Black "BrazilianMaster"]
[Result "0-1"]
[WhiteElo "2343"]
[BlackElo "2588"]
[PlyCount "122"]
[EventDate "2000.??.??"]

1. e4 c5 2. Nf3 e6 3. Nc3 Nf6 4. e5 Nd5 5. Nxd5 exd5 6. d4 Nc6 7. dxc5 Bxc5 8.
Qxd5 Qb6 9. Qd2 O-O 10. Bd3 Re8 11. O-O Nxe5 12. Nxe5 Rxe5 13. Qf4 d6 14. c3 a5
15. Rd1 Bd7 16. Qh4 h6 17. b3 Rae8 18. Bf4 R5e6 19. Bg3 Bc6 20. Bc4 d5 21. Bd3
Bb5 22. Bxb5 Qxb5 23. h3 Re2 24. Qg4 Qb6 25. Qf4 R8e4 26. Qb8+ Kh7 27. Rf1 d4
28. c4 d3 29. Qc8 d2 30. Qf5+ Kg8 31. Rad1 Qc6 32. Qf3 Re7 33. Qf5 b5 34. cxb5
Qxb5 35. a4 Qxb3 36. Qxc5 Re1 37. Kh2 Qxd1 38. Qxe7 Rxf1 39. Qd8+ Kh7 40. Qd3+
g6 41. Bf4 Rh1+ 42. Kg3 Rxh3+ 43. Kxh3 Qh5+ 44. Kg3 d1=Q 45. Qxd1 Qxd1 46. Be5
h5 47. Kh2 Qxa4 48. g3 Qb4 49. Ba1 h4 50. Bf6 Qb6 51. Bxh4 Qxf2+ 52. Kh1 a4 53.
Be7 Qe1+ 54. Kg2 Qe2+ 55. Kg1 Qxe7 56. Kf2 a3 57. Kf3 a2 58. g4 a1=Q 59. g5
Qf1+ 60. Kg3 Qxg5+ 61. Kh2 Qgg2# {Hossa checkmated} 0-1